The green action guide (Record no. 241472)

MARC details
000 -LEADER
fixed length control field 00399nam a22001697a 4500
003 - CONTROL NUMBER IDENTIFIER
control field OSt
005 - DATE AND TIME OF LATEST TRANSACTION
control field 20260520123001.0
008 - FIXED-LENGTH DATA ELEMENTS--GENERAL INFORMATION
fixed length control field 260520b |||||||| |||| 00| 0 eng d
040 ## - CATALOGING SOURCE
Transcribing agency AL
082 ## - DEWEY DECIMAL CLASSIFICATION NUMBER
Classification number 333.25 MEET
100 ## - MAIN ENTRY--PERSONAL NAME
Personal name Meena Ragunathan
9 (RLIN) 264185
245 ## - TITLE STATEMENT
Title The green action guide
260 ## - PUBLICATION, DISTRIBUTION, ETC.
Place of publication, distribution, etc. Ahamedabad
Name of publisher, distributor, etc. CEE
Date of publication, distribution, etc. 1997
300 ## - PHYSICAL DESCRIPTION
Extent 92p
650 ## - SUBJECT ADDED ENTRY--TOPICAL TERM
Topical term or geographic name entry element Economics
9 (RLIN) 264186
942 ## - ADDED ENTRY ELEMENTS (KOHA)
Source of classification or shelving scheme Dewey Decimal Classification
Koha item type School of Education
Holdings
Withdrawn status Lost status Source of classification or shelving scheme Damaged status Not for loan Home library Current library Date acquired Total Checkouts Full call number Barcode Date last seen Price effective from Koha item type
    Dewey Decimal Classification     St Aloysius Library St Aloysius Library 05/20/2026   333.25 MEET BED05676 05/20/2026 05/20/2026 Book